LEADER 01123nam a2200265 i 4500 001 000000253676 003 CaOOAMICUS 005 20170410000000.0 008 170410s2016 it u000 u ita u 013 $a232581 020 $a978-88-430-8191-2 040 $aSeMil$bita 100 1 $aRinaldi, Giancarlo,$d<1952- >.$0(OLS)http://semarc/name/3331 245 10$aPagani e cristiani :$bla storia di un conflitto (secoli 1.-4.) /$cGiancarlo Rinaldi. 260 $aRoma :$bCarocci,$c2016. 300 $a491 p. ;$c22 cm. 490 0 $aFrecce ;$v218 650 4$aCristianesimo - Atteggiamento [dei] Pagani - Origini-Sec. 4.$0(OLS)http://semarc/subject/46843 830 0$aFrecce ;$v218.$0(OLS)http://semarc/title/6388 850 $aSeMil 852 $aSeMil$W1$xVenegono$y1$m3S I 56$j204022$B204022$CSeMilBibl$Z2$F218020 $81 961 $aAcquisto: Cittą Nuova (Agente) 996 $6020$a978-88-430-8191-2$9(OLS)http://semarc/number/276563 996 $6245$aPagani e cristiani :$bla storia di un conflitto (secoli 1.-4.)$9(OLS)http://semarc/title/410695 996 $6260$aRoma :$bCarocci$9(OLS)http://semarc/publisher/31977 LEADER 01317nam a2200241 i 4500 001 000000065907 003 CaOOAMICUS 005 20131125000000.0 008 131125s1940 it u000 u ita u 013 $a37079 040 $aSeMil$bita 100 1 $aBonfiglioli, Giuseppe .$0(OLS)http://semarc/name/33110 245 13$aLa giustizia primitiva e il peccato originale in S. Giovanni Damasceno /$cPontificia Universitas Gregoriana ; Sac. Dott. Giuseppe Bonfiglioli. 260 $aVenegono Inferiore (VA) :$bLa Scuola Cattolica,$c1940. 300 $aIV, 48 p. ;$c25 cm. 500 $aContiene : Bibliografia. - In mezzo al front : Excerpta Ex Dissertatione ad Lauream in Facultate Theologica Pontificiae Universitatis Gregorianae. 600 04$aGiovanni : Damasceno .$0(OLS)http://semarc/subject/9467 650 4$aPeccato originale.$0(OLS)http://semarc/subject/4565 710 2 $aPontificia Universitą Gregoriana .$0(OLS)http://semarc/name/5 850 $aSeMil 852 $aSeMil$W1$xVenegono$y1$m2N II 48$j32060$B32060$CSeMilBibl$Z2$F32063 $81 996 $6245$aLa giustizia primitiva e il peccato originale in S. Giovanni Damasceno$9(OLS)http://semarc/title/104695 996 $6260$aVenegono Inferiore (VA) :$bLa Scuola Cattolica$9(OLS)http://semarc/publisher/29825